| 000 | 01918nam0a2200337 4500 | ||
|---|---|---|---|
| 001 | RU\NLR\BIBL_A\012549852 | ||
| 005 | 20230320121635.0 | ||
| 010 |
_a978-5-4365-7046-4 _91000 |
||
| 035 | _a(NLR Aleph) 012549852 | ||
| 090 |
_a12426200 _c12426200 |
||
| 100 | _a20210621d2021 k y0rusy50 ca | ||
| 101 | 0 | _arus | |
| 102 | _aRU | ||
| 105 | _aa|||z||||||z| | ||
| 181 | 0 |
_ai3 _baxxe |
|
| 182 | 0 | _an | |
| 200 | 1 |
_aИнновационные стратегии развития национальной экономики: институциональный подход _eмонография _fК.Б. Доброва _gМинистерство науки и высшего образования Российской Федерации (Минобрнауки России), Московский авиационный институт (национальный исследовательский университет), Институт № 5 "Инженерная экономика и гуманитарные науки" |
|
| 203 |
_aТекст _bвизуальный _cнепосредственный |
||
| 210 |
_aМосква _cRuscience _d2021 |
||
| 215 |
_a164 с. _cил. _d20 |
||
| 320 | _aБиблиогр.: с. 150-164 (189 назв.) и в подстроч. примеч. | ||
| 606 | 1 |
_aИнституциональные преобразования _yРоссийская Федерация _92342921 _3RU\NLR\AUTH\661400321 |
|
| 607 |
_aРоссийская Федерация _xНародное хозяйство _xСтратегическое управление _92247659 _3RU\NLR\AUTH\661348364 |
||
| 686 | 1 | _aУ9(2)-18(2Р) | |
| 686 | 1 | _aУ21(2)2(2Р) | |
| 700 | 1 |
_7ca _8rus _aДоброва _bК. Б. _gКатрина Бениковна _92704336 _3RU\NLR\AUTH\770292077 |
|
| 942 | _cBOOK | ||
| 980 | _aNBR | ||
| 980 | _aNB | ||